000 02305nam a2200277 a 4500
003 OSt
005 20260209141632.0
007 cr ||||||a|c|a
008 230508s2020 mx ad||fom||| 001 0 spa d
040 _erda
100 1 _9186914
_aMejia Espinoza, Eric Gustavo
245 1 0 _aCalidad de planta Pseudotsuga menziesii producida a raíz desnuda /
_cpor Eric Gustavo Mejía Espinoza; director de tesis Dante Arturo Rodríguez Trejo.
264 1 _aChapingo, México :
_bEl autor,
_c2020.
300 _a1 recurso en línea (59 páginas):
_bilustraciones, gráficas
336 _2rdacontent
_atexto
_btxt
337 _2rdamedia
_acomputadora
_bc
338 _2rdacarrier
_arecurso en línea
_bcr
502 _bIF
_cDICIFO
_d2020.
_gLIC
504 _aIncluye referencias bibliográficas: páginas 48-56
520 _aPara determinar la calidad de planta producida a raíz desnuda de Pseudotsuga menziesii (Mirb.) Franco en el vivero del Bosque de los Árboles de Navidad, en Amecameca, Estado de México, se realizaron evaluaciones morfológicas y fisiológica (concentración foliar de N, P, K, Ca y Fe) a 40 individuos de 7 meses, los cuales obtuvieron alturas suficientes para ser llevados a plantación. Se encontraron deficiencias en el crecimiento en diámetro, así como un porcentaje considerable de muestras con deformación en la raíz, “cola de cochino”. En la concentración foliar de Nitrógeno se observó un ligero exceso, mientras que, en Ca y Fe, se encontraron deficiencias respecto a lo recomendado para coníferas; a lo que se le atribuye la falta de rigidez en el tallo. También se muestra una desproporción en la cantidad de biomasa aérea producida con respecto a la biomasa subterránea, debido al poco desarrollo de la raíz a comparación del vasto crecimiento en la parte aérea. La planta producida en este vivero en general cuenta con una calidad aceptable, sin embargo, no es la óptima para asegurar su establecimiento exitoso en campo.
650 4 _9186959
_aÁrboles de navidad
_xCalidad
650 4 _9185861
_aPseudotsuga menziesii
_xProducción
700 1 _998938
_aRodríguez Trejo, Dante Arturo
_eDirector de tesis.
856 _uhttp://10.13.5.2/tesis/tl/Mejia_Espinoza_Eric_Gustavo.pdf
_zDESCARGAR PDF
942 _2Clasificación Universidad Autónoma Chapingo
_cTD
999 _c218692
_d218692